[Event "5. Torneo Puente Foral 2010 - Open A"]
[Site "Pamplona ESP"]
[Date "2010.12.05"]
[Round "4.6"]
[White "Viñal Gutierrez, Pedro"]
[Black "Sanchez Romero, Miguel Angel"]
[Result "1-0"]
[WhiteElo "2097"]
[BlackElo "2241"]
[PlyCount "122"]
[EventDate "2010.12.03"]
[EventType "swiss"]
[EventRounds "7"]
[EventCountry "ESP"]
[Source "lmi"]
[SourceDate "2010.12.03"]

1. d4 Nf6 2. Nf3 g6 3. Bf4 Bg7 4. e3 d6 5. c4 O-O 6. Nc3 c6 7. h3 a6 8. Be2 b5
9. O-O Nbd7 10. Rc1 Bb7 11. b3 Re8 12. Bh2 Qa5 13. Qc2 Rac8 14. Rfd1 Nb6 15.
Nd2 b4 16. Nce4 Nbd7 17. c5 d5 18. Nxf6+ Bxf6 19. f4 Bg7 20. Nf3 Nf6 21. Bd3
Rcd8 22. g4 e6 23. Rd2 Bc8 24. Ne5 Bd7 25. Rg2 Re7 26. Rf1 Rf8 27. h4 Ne8 28.
Nf3 Kh8 29. h5 f5 30. g5 Kg8 31. Qf2 Kf7 32. Bg3 Nc7 33. Rh2 Nb5 34. Bxb5 Qxb5
35. Rd1 a5 36. h6 Bh8 37. Qf1 Rb8 38. Qxb5 Rxb5 39. Ne1 Bc8 40. Nd3 Ba6 41. Nb2
Ra7 42. Na4 Rbb7 43. Nb6 Rb8 44. Rb2 Ke7 45. Ra1 Rab7 46. a3 Rxb6 47. cxb6 c5
48. Bf2 Rxb6 49. axb4 axb4 50. Rba2 Bb7 51. dxc5 Rb5 52. Ra5 Rxa5 53. Rxa5 Kd7
54. Be1 Bc3 55. Bxc3 bxc3 56. Kf2 c2 57. Ra1 d4 58. exd4 Bd5 59. Ke2 Kc6 60.
Kd2 Bxb3 61. Ra7 e5 1-0

[Event "5. Torneo Puente Foral 2010 - Open A"]
[Site "Pamplona ESP"]
[Date "2010.12.05"]
[Round "4.7"]
[White "De Pablos Fernandez, Mariano"]
[Black "Mayans Calvo, Mariano"]
[Result "0-1"]
[WhiteElo "2085"]
[BlackElo "2225"]
[PlyCount "84"]
[EventDate "2010.12.03"]
[EventType "swiss"]
[EventRounds "7"]
[EventCountry "ESP"]
[Source "lmi"]
[SourceDate "2010.12.03"]

1. d4 Nf6 2. Nf3 c5 3. c3 b6 4. g3 Bb7 5. Bg2 h6 6. O-O e6 7. Nbd2 Be7 8. a4
O-O 9. Nc4 Bd5 10. b3 a6 11. Bb2 cxd4 12. cxd4 Nc6 13. Nfe5 Bxg2 14. Kxg2 Nb4
15. Rc1 b5 16. Ne3 Qb6 17. Ba3 Qb7+ 18. Kg1 Rfc8 19. Bxb4 Bxb4 20. Qd3 d6 21.
Nf3 d5 22. Ne5 Ba3 23. Ra1 Bd6 24. Rfc1 Ne4 25. f3 Bxe5 26. dxe5 Nc5 27. Qd1
Qb6 28. a5 Qb8 29. f4 b4 30. g4 Qb5 31. f5 Ne4 32. Kf1 Rxc1 33. Rxc1 Qxa5 34.
f6 g6 35. h4 Qb6 36. Qd3 a5 37. h5 gxh5 38. Kg2 a4 39. gxh5 Kh7 40. Kh2 Rg8 41.
Rg1 Rxg1 42. Kxg1 a3 0-1

[Event "5. Torneo Puente Foral 2010 - Open A"]
[Site "Pamplona ESP"]
[Date "2010.12.06"]
[Round "5.1"]
[White "Saenz Narciso, Miguel Angel"]
[Black "Cabrejos Tovar, Jose"]
[Result "1-0"]
[WhiteElo "2175"]
[BlackElo "2137"]
[PlyCount "89"]
[EventDate "2010.12.03"]
[EventType "swiss"]
[EventRounds "7"]
[EventCountry "ESP"]
[Source "lmi"]
[SourceDate "2010.12.03"]

1. e4 e5 2. Nf3 Nc6 3. Bc4 Bc5 4. c3 Nf6 5. d3 d6 6. Nbd2 O-O 7. Bb3 Qe7 8. Nf1
Be6 9. Bg5 Rad8 10. Ne3 Rfe8 11. O-O Bb6 12. Nh4 Qd7 13. Qf3 Nxe4 14. dxe4 f6
15. Bh6 Bxb3 16. axb3 gxh6 17. Ng4 Re6 18. Qxf6 Rxf6 19. Nxf6+ Kf7 20. Nxd7
Rxd7 21. Nf5 Kg6 22. Rad1 Na5 23. b4 Nc6 24. Rd3 h5 25. Rfd1 Nd8 26. Rg3+ Kf6
27. Rf3 Kg6 28. h4 Ne6 29. g3 Rf7 30. Kg2 a5 31. Nxd6 Rxf3 32. Kxf3 axb4 33.
Nc4 bxc3 34. bxc3 Ba7 35. Nxe5+ Kf6 36. Nd7+ Ke7 37. Ne5 Kf6 38. Nc4 b5 39. Ne3
c5 40. Ra1 Bb8 41. Rb1 b4 42. cxb4 Bd6 43. bxc5 Nd4+ 44. Kg2 Bxc5 45. Rb7 1-0

[Event "5. Torneo Puente Foral 2010 - Open A"]
[Site "Pamplona ESP"]
[Date "2010.12.06"]
[Round "5.2"]
[White "Arnedo Ruiz, Alberto"]
[Black "Angeleri Rodrigo, Norberto"]
[Result "1/2-1/2"]
[WhiteElo "1980"]
[BlackElo "2047"]
[PlyCount "41"]
[EventDate "2010.12.03"]
[EventType "swiss"]
[EventRounds "7"]
[EventCountry "ESP"]
[Source "lmi"]
[SourceDate "2010.12.03"]

1. e4 c5 2. Nf3 d6 3. d4 cxd4 4. Qxd4 a6 5. c4 Nc6 6. Qd2 Nf6 7. Nc3 g6 8. b3
Bg7 9. Bb2 O-O 10. h3 Qa5 11. Bd3 Be6 12. O-O Nd7 13. a3 Nde5 14. Nxe5 Nxe5 15.
Be2 Qb6 16. Qc2 Rac8 17. Rfd1 f5 18. Nd5 Bxd5 19. exd5 f4 20. Bxe5 Bxe5 21.
Rab1 1/2-1/2

[Event "5. Torneo Puente Foral 2010 - Open A"]
[Site "Pamplona ESP"]
[Date "2010.12.06"]
[Round "5.3"]
[White "Mombiela Martinez, Gonzalo"]
[Black "Jimenez Almeida, Luis David"]
[Result "1/2-1/2"]
[WhiteElo "2091"]
[BlackElo "1933"]
[PlyCount "35"]
[EventDate "2010.12.03"]
[EventType "swiss"]
[EventRounds "7"]
[EventCountry "ESP"]
[Source "lmi"]
[SourceDate "2010.12.03"]

1. e4 e6 2. Nf3 d5 3. e5 c5 4. b4 d4 5. bxc5 Bxc5 6. Bd3 Nc6 7. Qe2 Nge7 8. c3
Ng6 9. Bxg6 fxg6 10. O-O O-O 11. Ba3 b6 12. Bxc5 bxc5 13. cxd4 Nxd4 14. Nxd4
Qxd4 15. Nc3 Bb7 16. Qe3 Rab8 17. Rab1 Bc6 18. h3 1/2-1/2

[Event "5. Torneo Puente Foral 2010 - Open A"]
[Site "Pamplona ESP"]
[Date "2010.12.06"]
[Round "5.4"]
[White "Rebole Arbea, Jose Ignacio"]
[Black "Viñal Gutierrez, Pedro"]
[Result "1-0"]
[WhiteElo "2211"]
[BlackElo "2097"]
[PlyCount "63"]
[EventDate "2010.12.03"]
[EventType "swiss"]
[EventRounds "7"]
[EventCountry "ESP"]
[Source "lmi"]
[SourceDate "2010.12.03"]

1. Nf3 d5 2. g3 Bg4 3. Ne5 h5 4. c4 Nf6 5. Qb3 Bc8 6. Bg2 c6 7. cxd5 cxd5 8.
Nc3 e6 9. d4 Bd6 10. e4 Bxe5 11. dxe5 Nxe4 12. Nxe4 dxe4 13. O-O Qd5 14. Qa3
Nc6 15. Bf4 Nxe5 16. Qc3 f6 17. Rad1 Nd3 18. Rfe1 f5 19. Qxg7 Rf8 20. Bh6 Qc5
21. Qg6+ Rf7 22. Re2 Bd7 23. Qg8+ Rf8 24. Bxf8 Qxf8 25. Qxf8+ Kxf8 26. f3 exf3
27. Bxf3 Bb5 28. Red2 Ne5 29. Bxb7 Rb8 30. Rd8+ Rxd8 31. Rxd8+ Ke7 32. Ra8 1-0

[Event "5. Torneo Puente Foral 2010 - Open A"]
[Site "Pamplona ESP"]
[Date "2010.12.07"]
[Round "6.2"]
[White "Angeleri Rodrigo, Norberto"]
[Black "Rebole Arbea, Jose Ignacio"]
[Result "0-1"]
[WhiteElo "2047"]
[BlackElo "2211"]
[PlyCount "52"]
[EventDate "2010.12.03"]
[EventType "swiss"]
[EventRounds "7"]
[EventCountry "ESP"]
[Source "lmi"]
[SourceDate "2010.12.03"]

1. d4 d5 2. c4 e5 3. dxe5 d4 4. a3 a5 5. Nf3 Nc6 6. b3 Bg4 7. Nbd2 Nge7 8. Bb2
Ng6 9. Qc2 Qd7 10. Qe4 O-O-O 11. Qc2 Ngxe5 12. b4 d3 13. Qc3 Bxf3 14. gxf3 dxe2
15. Bxe2 Qe6 16. Qe3 axb4 17. axb4 Bxb4 18. Ra8+ Nb8 19. O-O Bxd2 20. Qxe5 Qxe5
21. Bxe5 f6 22. Bg3 f5 23. Rfa1 f4 24. Bf1 c6 25. Bh3+ Kc7 26. Bh4 g5 0-1

[Event "5. Torneo Puente Foral 2010 - Open A"]
[Site "Pamplona ESP"]
[Date "2010.12.07"]
[Round "6.3"]
[White "Cabrejos Tovar, Jose"]
[Black "Arnedo Ruiz, Alberto"]
[Result "0-1"]
[WhiteElo "2137"]
[BlackElo "1980"]
[PlyCount "60"]
[EventDate "2010.12.03"]
[EventType "swiss"]
[EventRounds "7"]
[EventCountry "ESP"]
[Source "lmi"]
[SourceDate "2010.12.03"]

1. e4 c6 2. d4 d5 3. Nc3 dxe4 4. Nxe4 Bf5 5. Ng3 Bg6 6. h4 h6 7. Nf3 Nd7 8. h5
Bh7 9. Bd3 Bxd3 10. Qxd3 Qc7 11. Bd2 e6 12. O-O-O Ngf6 13. Ne4 O-O-O 14. c4 c5
15. Nc3 cxd4 16. Nb5 Qb6 17. Bf4 Ne8 18. Qe4 a6 19. Nbxd4 Bd6 20. Bd2 Nef6 21.
Qc2 Kb8 22. Kb1 Rc8 23. Rh4 Ka8 24. Ka1 Ne5 25. Nxe5 Bxe5 26. Be3 Nd5 27. Nf5
Nxe3 28. Nxe3 Rhd8 29. Re4 Bd4 30. Nd5 Rxd5 0-1

[Event "5. Torneo Puente Foral 2010 - Open A"]
[Site "Pamplona ESP"]
[Date "2010.12.07"]
[Round "6.4"]
[White "Jimenez Almeida, Luis David"]
[Black "Mayans Calvo, Mariano"]
[Result "0-1"]
[WhiteElo "1933"]
[BlackElo "2225"]
[PlyCount "80"]
[EventDate "2010.12.03"]
[EventType "swiss"]
[EventRounds "7"]
[EventCountry "ESP"]
[Source "lmi"]
[SourceDate "2010.12.03"]

1. e4 e6 2. c4 d5 3. exd5 exd5 4. cxd5 Nf6 5. Nc3 Be7 6. Be2 O-O 7. Bf3 Nbd7 8.
Nge2 Ne5 9. Ng3 Nd3+ 10. Kf1 Bc5 11. Nge4 Nxe4 12. Nxe4 Qh4 13. g3 Qh3+ 14. Bg2
Qf5 15. Qf3 Re8 16. Qxd3 Rxe4 17. Qf3 Bd7 18. d3 Bb5 19. Be3 Bxd3+ 20. Kg1 Qxf3
21. Bxf3 Bxe3 22. fxe3 Rxe3 23. Kf2 Rae8 24. Rhd1 Be2 25. Bxe2 Rxe2+ 26. Kf3
R2e3+ 27. Kg4 g6 28. Rac1 R3e7 29. h4 h5+ 30. Kh3 Re2 31. Rd3 Rxb2 32. g4 hxg4+
33. Kxg4 Rg2+ 34. Kf4 Rxa2 35. Rc4 Rf2+ 36. Kg3 Rfe2 37. Kf3 R2e5 38. Kf4 Kg7
39. Ra4 a6 40. Rb4 b6 0-1

[Event "5. Torneo Puente Foral 2010 - Open A"]
[Site "Pamplona ESP"]
[Date "2010.12.07"]
[Round "6.5"]
[White "Mombiela Martinez, Gonzalo"]
[Black "Prats Rodriguez, Juan Bosco"]
[Result "0-1"]
[WhiteElo "2091"]
[BlackElo "2057"]
[PlyCount "70"]
[EventDate "2010.12.03"]
[EventType "swiss"]
[EventRounds "7"]
[EventCountry "ESP"]
[Source "lmi"]
[SourceDate "2010.12.03"]

1. e4 d6 2. d4 Nf6 3. Nc3 g6 4. Bg5 Bg7 5. e5 dxe5 6. dxe5 Ng4 7. Qxd8+ Kxd8 8.
Rd1+ Bd7 9. Nd5 Nc6 10. f4 h6 11. Bh4 g5 12. fxg5 hxg5 13. Bxg5 Nxh2 14. Rxh2
Rxh2 15. Bf4 Bxe5 16. Bxh2 Bxh2 17. Ne2 Be5 18. c3 e6 19. Ne3 Ke7 20. g3 Rg8
21. Kf2 f5 22. b4 Nd8 23. Nc4 Bf6 24. a3 Ba4 25. Re1 Bc6 26. Ne3 Nf7 27. Nf4
Ne5 28. Bh3 Rg5 29. c4 Kf7 30. Bg2 Bxg2 31. Kxg2 Rg8 32. c5 Rd8 33. Re2 Nd3 34.
Nh5 Bg5 35. Nc4 Kg6 0-1

[Event "5. Torneo Puente Foral 2010 - Open A"]
[Site "Pamplona ESP"]
[Date "2010.12.07"]
[Round "6.6"]
[White "Leranoz Zabalza, Adrian"]
[Black "Viñal Gutierrez, Pedro"]
[Result "1/2-1/2"]
[WhiteElo "2067"]
[BlackElo "2097"]
[PlyCount "66"]
[EventDate "2010.12.03"]
[EventType "swiss"]
[EventRounds "7"]
[EventCountry "ESP"]
[Source "lmi"]
[SourceDate "2010.12.03"]

1. e4 d6 2. Nc3 Nf6 3. Bc4 e5 4. d3 Be7 5. f4 Nc6 6. a3 Be6 7. Nd5 exf4 8. Bxf4
Ne5 9. Bxe5 dxe5 10. Nxf6+ gxf6 11. Bxe6 fxe6 12. Qh5+ Kd7 13. Nf3 Qe8 14. Qh3
Bc5 15. O-O-O Rd8 16. Rhf1 Qe7 17. d4 exd4 18. Nxd4 Bxd4 19. Rxd4+ Kc8 20.
Rxd8+ Rxd8 21. Qh4 Qc5 22. Qxf6 Qe3+ 23. Kb1 Qxe4 24. Qf2 b6 25. Re1 Qd5 26.
Qf7 Qxg2 27. Qxe6+ Kb7 28. h4 Rd2 29. Qf5 h6 30. b3 Qd5 31. Qg4 h5 32. Qg6 a5
33. a4 Rd1+ 1/2-1/2

[Event "5. Torneo Puente Foral 2010 - Open A"]
[Site "Pamplona ESP"]
[Date "2010.12.07"]
[Round "6.7"]
[White "Urriza Iricibar, Pablo"]
[Black "De Pablos Fernandez, Mariano"]
[Result "1-0"]
[WhiteElo "1948"]
[BlackElo "2085"]
[PlyCount "90"]
[EventDate "2010.12.03"]
[EventType "swiss"]
[EventRounds "7"]
[EventCountry "ESP"]
[Source "lmi"]
[SourceDate "2010.12.03"]

1. e4 e5 2. d4 exd4 3. Nf3 Nf6 4. e5 Bb4+ 5. c3 dxc3 6. bxc3 Be7 7. exf6 Bxf6
8. Bd3 O-O 9. O-O d6 10. Qc2 h6 11. Be3 Nc6 12. Nbd2 Be6 13. Nb3 Ne5 14. Nxe5
dxe5 15. Rad1 Qe8 16. Nc5 b6 17. Nxe6 Qxe6 18. Bf5 Qc4 19. Rd7 Rad8 20. Rfd1
Rxd7 21. Rxd7 Rd8 22. Rxd8+ Bxd8 23. Qd3 Qxd3 24. Bxd3 h5 25. f4 exf4 26. Bxf4
g5 27. Be3 f6 28. Kf2 Kf7 29. Kf3 Ke6 30. Bg6 h4 31. Ke4 c6 32. a4 a6 33. Bf5+
Kd6 34. Bc8 a5 35. c4 Ke7 36. Bg4 Kd6 37. Kf5 Ke7 38. Bd4 Kf7 39. Bh5+ Kg7 40.
Ke6 c5 41. Kd7 cxd4 42. Kxd8 f5 43. h3 Kf6 44. Bd1 Ke5 45. Ke7 g4 1-0

[Event "5. Torneo Puente Foral 2010 - Open A"]
[Site "Pamplona ESP"]
[Date "2010.12.08"]
[Round "7.1"]
[White "Mayans Calvo, Mariano"]
[Black "Ugalde Ezcurra, Jose Miguel"]
[Result "1-0"]
[WhiteElo "2225"]
[BlackElo "2184"]
[PlyCount "57"]
[EventDate "2010.12.03"]
[EventType "swiss"]
[EventRounds "7"]
[EventCountry "ESP"]
[Source "lmi"]
[SourceDate "2010.12.03"]

1. c4 Nf6 2. g3 g6 3. Bg2 Bg7 4. Nc3 d6 5. d4 O-O 6. Nf3 Nbd7 7. O-O e5 8. h3
Re8 9. Be3 c6 10. b4 e4 11. Nd2 d5 12. Rc1 Nb6 13. Bg5 h6 14. Bxf6 Bxf6 15. e3
h5 16. a4 Be6 17. a5 Nc8 18. f4 exf3 19. Qxf3 Bg5 20. cxd5 cxd5 21. Kh2 Ne7 22.
Ne2 Qd6 23. Nf4 Nf5 24. e4 Nxd4 25. Qf2 h4 26. exd5 Nf5 27. Ne4 hxg3+ 28. Nxg3
Bh4 29. Nxf5 1-0

[Event "5. Torneo Puente Foral 2010 - Open A"]
[Site "Pamplona ESP"]
[Date "2010.12.08"]
[Round "7.2"]
[White "Sanchez Romero, Miguel Angel"]
[Black "Cabrejos Tovar, Jose"]
[Result "1/2-1/2"]
[WhiteElo "2241"]
[BlackElo "2137"]
[PlyCount "45"]
[EventDate "2010.12.03"]
[EventType "swiss"]
[EventRounds "7"]
[EventCountry "ESP"]
[Source "lmi"]
[SourceDate "2010.12.03"]

1. e4 e5 2. Nf3 Nc6 3. Bb5 f5 4. d3 fxe4 5. dxe4 Nf6 6. Qd3 d6 7. Nc3 Bd7 8.
Bg5 Be7 9. Rd1 O-O 10. Bxc6 bxc6 11. Nxe5 dxe5 12. Bxf6 Rxf6 13. Qxd7 Qxd7 14.
Rxd7 Bd6 15. Ke2 Rg6 16. f4 exf4 17. Kf3 Kf8 18. e5 Bxe5 19. Re1 Re8 20. Ne4 h6
21. Re2 Rge6 22. Nc5 Rg6 23. Ne4 1/2-1/2

[Event "5. Torneo Puente Foral 2010 - Open A"]
[Site "Pamplona ESP"]
[Date "2010.12.08"]
[Round "7.3"]
[White "Viñal Gutierrez, Pedro"]
[Black "Urriza Iricibar, Pablo"]
[Result "1/2-1/2"]
[WhiteElo "2097"]
[BlackElo "1948"]
[PlyCount "52"]
[EventDate "2010.12.03"]
[EventType "swiss"]
[EventRounds "7"]
[EventCountry "ESP"]
[Source "lmi"]
[SourceDate "2010.12.03"]

1. d4 Nf6 2. Nf3 e6 3. Bg5 d5 4. e3 c6 5. Bd3 Be7 6. Nbd2 O-O 7. Ne5 h6 8. Bxf6
Bxf6 9. f4 c5 10. c3 Bxe5 11. fxe5 Qg5 12. Qe2 f5 13. exf6 Qh4+ 14. g3 Qxf6 15.
Rf1 Qe7 16. Rxf8+ Qxf8 17. O-O-O Nd7 18. Rf1 Qe7 19. e4 cxd4 20. cxd4 Nf8 21.
e5 Bd7 22. Nf3 Be8 23. Nh4 Rc8+ 24. Kb1 Qb4 25. Qg4 Qe7 26. Qe2 Qb4 1/2-1/2

[Event "5. Torneo Puente Foral 2010 - Open A"]
[Site "Pamplona ESP"]
[Date "2010.12.08"]
[Round "7.4"]
[White "Leranoz Zabalza, Adrian"]
[Black "Mombiela Martinez, Gonzalo"]
[Result "1/2-1/2"]
[WhiteElo "2067"]
[BlackElo "2091"]
[PlyCount "37"]
[EventDate "2010.12.03"]
[EventType "swiss"]
[EventRounds "7"]
[EventCountry "ESP"]
[Source "lmi"]
[SourceDate "2010.12.03"]

1. e4 d5 2. Nc3 d4 3. Nce2 e5 4. Ng3 Be6 5. Nf3 Nd7 6. Bb5 c6 7. Ba4 g6 8. O-O
Bg7 9. Bb3 Bxb3 10. axb3 Ne7 11. d3 h6 12. Nd2 O-O 13. Nc4 b5 14. Na5 Kh7 15.
f4 exf4 16. Bxf4 Ne5 17. b4 Qd6 18. Bd2 Rab8 19. Nb3 1/2-1/2